[Event "45. Capablanca In Memoriam Premier"]
[Site "La Habana CUB"]
[Date "2010.06.18"]
[Round "8.3"]
[White "Potkin, Vladimir"]
[Black "Ortiz Suarez, Isan Reynaldo"]
[Result "1-0"]
[WhiteElo "2634"]
[BlackElo "2544"]
[PlyCount "105"]
[EventDate "2010.06.10"]
[EventType "tourn"]
[EventRounds "9"]
[EventCountry "CUB"]
[EventCategory "13"]
[Source "lmi"]
[SourceDate "2010.06.10"]

1. d4 Nf6 2. c4 e6 3. Nc3 Bb4 4. e3 O-O 5. Bd3 d5 6. Nf3 c5 7. O-O Nc6 8. a3
Bxc3 9. bxc3 dxc4 10. Bxc4 Qc7 11. Bb2 e5 12. h3 Bf5 13. Bb5 Rfd8 14. Rc1 e4
15. Nd2 Bg6 16. Bxc6 Qxc6 17. c4 cxd4 18. Bxd4 Nd7 19. Qb3 Nc5 20. Qb5 Rac8 21.
Bxc5 Qxc5 22. Nb3 Qxa3 23. Ra1 Qb2 24. Rxa7 Qe2 25. Nd4 Qxc4 26. Qxc4 Rxc4 27.
Rxb7 h5 28. Rb5 Rdc8 29. h4 R8c5 30. Rfb1 Kh7 31. Kh2 Kh6 32. Kg3 Bh7 33. Rb6+
f6 34. Rb7 Rc7 35. Ne6 Rxb7 36. Rxb7 g6 37. Nf8 Bg8 38. Rb6 Rc2 39. Rxf6 Kg7
40. Nd7 Rd2 41. Nc5 Rc2 42. Nxe4 Bd5 43. Rf4 Rc4 44. Ng5 Rxf4 45. Kxf4 Bxg2 46.
Ke5 Bf1 47. Ke6 Bc4+ 48. Ke7 Bb3 49. e4 Bc4 50. e5 Ba2 51. e6 Bb3 52. f3 Ba4
53. Kd8 1-0

[Event "45. Capablanca In Memoriam Premier"]
[Site "La Habana CUB"]
[Date "2010.06.18"]
[Round "8.4"]
[White "Hernandez, Holden"]
[Black "Quesada Perez, Yuniesky"]
[Result "0-1"]
[WhiteElo "2543"]
[BlackElo "2582"]
[PlyCount "80"]
[EventDate "2010.06.10"]
[EventType "tourn"]
[EventRounds "9"]
[EventCountry "CUB"]
[EventCategory "13"]
[Source "lmi"]
[SourceDate "2010.06.10"]

1. d4 Nf6 2. c4 e6 3. g3 Bb4+ 4. Bd2 Be7 5. Bg2 d5 6. Nf3 c6 7. Qc2 Nbd7 8. O-O
b6 9. cxd5 cxd5 10. Bf4 Bb7 11. Rc1 O-O 12. Bc7 Qe8 13. Nc3 Rc8 14. Nb5 Nc5 15.
a4 Na6 16. Qb3 Nxc7 17. Nxa7 Nd7 18. a5 Ra8 19. Rxc7 Rxa7 20. Rac1 Bd8 21. axb6
Bxc7 22. bxa7 Bb6 23. Ne5 Bxd4 24. Qxb7 Nxe5 25. e3 Bxa7 26. Qxa7 Nd3 27. Rc2
Qa8 28. Qa3 Ne5 29. Qc3 Qb8 30. Bf1 Qd6 31. Be2 Rb8 32. b4 g6 33. Rb2 Nc4 34.
Rb1 Rc8 35. b5 Nb6 36. Qf6 Qc5 37. h4 Qc2 38. Rb2 Qc1+ 39. Kg2 Qa1 40. h5 Na4
0-1

[Event "45. Capablanca In Memoriam Premier"]
[Site "La Habana CUB"]
[Date "2010.06.18"]
[Round "9.1"]
[White "Corrales Jimenez, Fidel"]
[Black "Almeida Quintana, Omar"]
[Result "1/2-1/2"]
[WhiteElo "2590"]
[BlackElo "2541"]
[PlyCount "21"]
[EventDate "2010.06.10"]
[EventType "tourn"]
[EventRounds "9"]
[EventCountry "CUB"]
[EventCategory "13"]
[Source "lmi"]
[SourceDate "2010.06.10"]

1. d4 d5 2. c4 dxc4 3. Nf3 Nf6 4. e3 e6 5. Bxc4 c5 6. O-O a6 7. dxc5 Bxc5 8. a3
Qxd1 9. Rxd1 Ke7 10. Kf1 b5 11. b4 1/2-1/2

[Event "45. Capablanca In Memoriam Premier"]
[Site "La Habana CUB"]
[Date "2010.06.18"]
[Round "9.2"]
[White "Quesada Perez, Yuniesky"]
[Black "Khairullin, Ildar"]
[Result "1/2-1/2"]
[WhiteElo "2582"]
[BlackElo "2617"]
[PlyCount "82"]
[EventDate "2010.06.10"]
[EventType "tourn"]
[EventRounds "9"]
[EventCountry "CUB"]
[EventCategory "13"]
[Source "lmi"]
[SourceDate "2010.06.10"]

1. e4 c6 2. d4 d5 3. e5 Bf5 4. Nf3 e6 5. Be2 c5 6. Be3 Qb6 7. Nc3 Qxb2 8. Qb1
Qxb1+ 9. Rxb1 c4 10. Rxb7 Nc6 11. Kd1 Rb8 12. Rxb8+ Nxb8 13. Nh4 Bg6 14. Na4
Ne7 15. Nxg6 hxg6 16. Kd2 Nf5 17. Bg4 Nc6 18. c3 f6 19. Bxf5 exf5 20. f4 Be7
21. h3 Kd7 22. Rb1 Rb8 23. Rxb8 Nxb8 24. Kc2 Nc6 25. g3 Nd8 26. Nb2 g5 27. exf6
gxf6 28. Nd1 Nf7 29. Bc1 Ke6 30. Ne3 gxf4 31. gxf4 Bf8 32. Ng2 Nh6 33. Kd1 Be7
34. Kc2 Bf8 35. Kd1 Be7 36. Kc2 a6 37. Kd1 Bd6 38. Kc2 Bf8 39. Kd1 Nf7 40. Kc2
Be7 41. Ne3 Bd6 1/2-1/2

[Event "45. Capablanca In Memoriam Premier"]
[Site "La Habana CUB"]
[Date "2010.06.18"]
[Round "9.3"]
[White "Ortiz Suarez, Isan Reynaldo"]
[Black "Hernandez, Holden"]
[Result "0-1"]
[WhiteElo "2544"]
[BlackElo "2543"]
[PlyCount "118"]
[EventDate "2010.06.10"]
[EventType "tourn"]
[EventRounds "9"]
[EventCountry "CUB"]
[EventCategory "13"]
[Source "lmi"]
[SourceDate "2010.06.10"]

1. e4 c5 2. Nf3 d6 3. d4 cxd4 4. Nxd4 Nf6 5. Nc3 a6 6. Bg5 e6 7. f4 Be7 8. Qf3
Qc7 9. O-O-O Nbd7 10. g4 h6 11. Bh4 g5 12. e5 gxh4 13. exf6 Nxf6 14. g5 hxg5
15. fxg5 Nh7 16. g6 fxg6 17. Bd3 Nf8 18. Rdg1 Bd7 19. Bxg6+ Nxg6 20. Rxg6 O-O-O
21. Nxe6 Bxe6 22. Rxe6 Qd7 23. Rhe1 Rde8 24. Kb1 Bd8 25. R6e4 Rhf8 26. Qd3 Rxe4
27. Qxe4 Qf5 28. Qc4+ Kb8 29. a4 Qf4 30. Qxf4 Rxf4 31. Rd1 Rf2 32. h3 Kc7 33.
Rd3 Kc6 34. Ne4 Rf1+ 35. Ka2 Be7 36. Kb3 Re1 37. Nd2 Bf6 38. c3 d5 39. Nf3 Re4
40. Nd4+ Kc5 41. Nc2 Rf4 42. Re3 Kd6 43. Rd3 Ke6 44. a5 Be5 45. Re3 Kd6 46. Nb4
Rf5 47. Nd3 Bf6 48. Kc2 d4 49. cxd4 Bxd4 50. Re4 Bf6 51. b4 Rf3 52. Rf4 Rxf4
53. Nxf4 Ke5 54. Ng6+ Kf5 55. Nf8 Be7 56. Nd7 Bxb4 57. Kb3 Bxa5 58. Nc5 b6 59.
Nxa6 Kf4 0-1

[Event "45. Capablanca In Memoriam Premier"]
[Site "La Habana CUB"]
[Date "2010.06.18"]
[Round "9.5"]
[White "Cordova, Emilio"]
[Black "Bachmann, Axel"]
[Result "1/2-1/2"]
[WhiteElo "2552"]
[BlackElo "2561"]
[PlyCount "22"]
[EventDate "2010.06.10"]
[EventType "tourn"]
[EventRounds "9"]
[EventCountry "CUB"]
[EventCategory "13"]
[Source "lmi"]
[SourceDate "2010.06.10"]

1. d4 d5 2. Nf3 Nf6 3. c4 dxc4 4. e3 a6 5. Bxc4 e6 6. a4 c5 7. O-O Nc6 8. Qe2
cxd4 9. Rd1 Be7 10. exd4 O-O 11. Nc3 Nb4 1/2-1/2